[Event "Novi Sad TS 221st"]
[Site "Novi Sad"]
[Date "2021.11.05"]
[Round "5.1"]
[White "Lipai, Vjaceslav"]
[Black "Kheerthi, Ganta"]
[Result "0-1"]
[WhiteElo "1470"]
[BlackElo "1837"]
[PlyCount "52"]
[EventDate "2021.11.02"]
[EventType "schev"]
[EventRounds "9"]
[EventCountry "SRB"]
[SourceTitle "CBM 205 Extra"]
[Source "ChessBase"]
[SourceDate "2022.01.31"]
[SourceVersion "1"]
[SourceVersionDate "2022.01.31"]
[SourceQuality "1"]
[WhiteTeam "Team A"]
[BlackTeam "Team B"]
[WhiteTeamCountry "SRB"]
[BlackTeamCountry "SRB"]

1. d4 d5 2. Nf3 Nf6 3. c4 c6 4. e3 e6 5. Nc3 Nbd7 6. cxd5 exd5 7. Be2 Bd6 8. 0-0 0-0 9. Re1 Ne4 10. Bf1 f5 11. g3 Ndf6 12. Ne5 Bxe5 13. dxe5 Ng4 14. f4 Be6 15. Nxe4 fxe4 16. h3 Nh6 17. Kh2 Nf5 18. b3 Qb6 19. g4 Nh4 20. Be2 Rxf4 21. Rf1 Rxf1 22. Qxf1 Rf8 23. Qe1 g5 24. Qg3 Qc5 25. Bd1 Qc3 26. Rb1 Qd3 0-1

[Event "Novi Sad TS 221st"]
[Site "Novi Sad"]
[Date "2021.11.04"]
[Round "4.1"]
[White "Kolagatla, Alana Meenakshi"]
[Black "Lipai, Vjaceslav"]
[Result "1-0"]
[WhiteElo "1611"]
[BlackElo "1470"]
[PlyCount "63"]
[EventDate "2021.11.02"]
[EventType "schev"]
[EventRounds "9"]
[EventCountry "SRB"]
[SourceTitle "CBM 205 Extra"]
[Source "ChessBase"]
[SourceDate "2022.01.31"]
[SourceVersion "1"]
[SourceVersionDate "2022.01.31"]
[SourceQuality "1"]
[WhiteTeam "Team B"]
[BlackTeam "Team A"]
[WhiteTeamCountry "SRB"]
[BlackTeamCountry "SRB"]

1. e4 c6 2. d4 d5 3. Nc3 dxe4 4. Nxe4 Nf6 5. Nxf6+ exf6 6. Nf3 Be7 7. Bf4 Qb6 8. b3 0-0 9. Be2 Bb4+ 10. Bd2 Bd6 11. c4 c5 12. d5 Bg4 13. 0-0 Re8 14. Re1 Qc7 15. h3 Bd7 16. Qc2 Na6 17. Bd3 g6 18. a3 Bf4 19. Bc3 Qd6 20. Qb2 Kg7 21. b4 b6 22. Nd2 Bxd2 23. Qxd2 Rxe1+ 24. Rxe1 Re8 25. Rxe8 Bxe8 26. Qe3 Nc7 27. Bd2 Qe5 28. bxc5 b5 29. Qh6+ Kg8 30. Bf4 Qe1+ 31. Kh2 bxc4 32. Bd6 1-0